Subjekty poistného trhu

Na poistnom trhu v Slovenskej republike pôsobí 19 poisťovní a 30 poisťovacích maklérskych spoločností. Zoznam poisťovacích subjektov pôsobiacich v SR k 29. 2. 1996, ktoré ponúkajú svoje služby aj podnikateľom.

Saved in:
Bibliographic Details
Format: Book Chapter
Language:Slovak
Subjects:
Tags: Add Tag
No Tags, Be the first to tag this record!

MARC

LEADER 00000naa a2200000 4500
001 r020873
005 20230809082547.1
041 0 |a slo 
044 |a SK 
245 1 0 |a Subjekty poistného trhu 
520 |a Na poistnom trhu v Slovenskej republike pôsobí 19 poisťovní a 30 poisťovacích maklérskych spoločností. Zoznam poisťovacích subjektov pôsobiacich v SR k 29. 2. 1996, ktoré ponúkajú svoje služby aj podnikateľom. 
610 2 0 |a poisťovne 
610 2 0 |a makléri 
610 2 0 |a adresáre 
610 2 0 |a trh poistný 
610 2 0 |a Slovensko 
610 2 0 |a 1996 
610 2 0 |a február